[Event "DEM U8 2025"]
[Site "Willingen GER"]
[Date "2025.06.14"]
[Round "7"]
[White "Dold, Emil"]
[Black "Mâallem, Mats"]
[Result "1/2-1/2"]
[Termination "normal"]
[Board "8"]
[WhiteElo "1245"]
[BlackElo "1157"]
[WhiteClock "00:37:30"]
[BlackClock "00:43:28"]
[PlyCount "111"]
[EventCountry "GER"]
[EventRounds "7"]
[EventType "swiss"]
[EventDate "2025.06.10"]

1. e4 {[%clk 01:00:28]} {[%emt 00:00:02]} d5 {[%clk 01:00:22]} {[%emt
00:00:08]} 2. exd5 {[%clk 01:00:34]} {[%emt 00:00:09]} Nf6 {[%clk 01:00:26]}
{[%emt 00:00:12]} 3. d4 {[%clk 01:00:31]} {[%emt 00:00:17]} Nxd5 {[%clk
01:00:34]} {[%emt 00:00:08]} 4. Nf3 {[%clk 01:00:08]} {[%emt 00:00:37]} g6
{[%clk 01:00:28]} {[%emt 00:00:22]} 5. c4 {[%clk 00:59:25]} {[%emt 00:00:57]}
Nf6 {[%clk 01:00:16]} {[%emt 00:00:27]} 6. Bg5 {[%clk 00:59:06]} {[%emt
00:00:33]} Bg7 {[%clk 01:00:15]} {[%emt 00:00:16]} 7. Nc3 {[%clk 00:59:00]}
{[%emt 00:00:22]} O-O {[%clk 01:00:15]} {[%emt 00:00:14]} 8. Bd3 {[%clk
00:58:38]} {[%emt 00:00:38]} Bg4 {[%clk 00:59:29]} {[%emt 00:01:02]} 9. d5
{[%clk 00:57:56]} {[%emt 00:00:56]} c6 {[%clk 00:59:04]} {[%emt 00:00:40]} 10.
h3 {[%clk 00:57:51]} {[%emt 00:00:19]} Bxf3 {[%clk 00:59:04]} {[%emt 00:00:16]}
11. Qxf3 {[%clk 00:57:53]} {[%emt 00:00:13]} cxd5 {[%clk 00:58:37]} {[%emt
00:00:42]} 12. cxd5 {[%clk 00:57:39]} {[%emt 00:00:27]} Nbd7 {[%clk 00:57:33]}
{[%emt 00:01:22]} 13. Bxf6 {[%clk 00:56:51]} {[%emt 00:01:02]} Nxf6 {[%clk
00:57:05]} {[%emt 00:00:44]} 14. O-O {[%clk 00:56:47]} {[%emt 00:00:18]} Nd7
{[%clk 00:56:39]} {[%emt 00:00:41]} 15. Qg3 {[%clk 00:56:26]} {[%emt 00:00:35]}
Rc8 {[%clk 00:55:56]} {[%emt 00:00:59]} 16. Ne4 {[%clk 00:55:49]} {[%emt
00:00:51]} Nc5 {[%clk 00:55:04]} {[%emt 00:01:08]} 17. Nxc5 {[%clk 00:55:17]}
{[%emt 00:00:48]} Rxc5 {[%clk 00:55:00]} {[%emt 00:00:18]} 18. Qe3 {[%clk
00:54:58]} {[%emt 00:00:33]} Rxd5 {[%clk 00:54:04]} {[%emt 00:01:12]} 19. Rad1
{[%clk 00:54:10]} {[%emt 00:01:02]} e6 {[%clk 00:53:26]} {[%emt 00:00:54]} 20.
Qf3 {[%clk 00:53:39]} {[%emt 00:00:46]} b6 {[%clk 00:52:34]} {[%emt 00:01:08]}
21. Be4 {[%clk 00:53:16]} {[%emt 00:00:37]} Rxd1 {[%clk 00:52:25]} {[%emt
00:00:24]} 22. Rxd1 {[%clk 00:53:15]} {[%emt 00:00:16]} Qc7 {[%clk 00:51:44]}
{[%emt 00:00:57]} 23. b3 {[%clk 00:52:47]} {[%emt 00:00:43]} Rd8 {[%clk
00:50:53]} {[%emt 00:01:04]} 24. Re1 {[%clk 00:51:49]} {[%emt 00:01:13]} Qc3
{[%clk 00:50:31]} {[%emt 00:00:38]} 25. Qxc3 {[%clk 00:51:43]} {[%emt
00:00:21]} Bxc3 {[%clk 00:50:38]} {[%emt 00:00:08]} 26. Rc1 {[%clk 00:51:38]}
{[%emt 00:00:18]} Be5 {[%clk 00:50:40]} {[%emt 00:00:15]} 27. a4 {[%clk
00:51:24]} {[%emt 00:00:29]} Kg7 {[%clk 00:50:34]} {[%emt 00:00:20]} 28. g3
{[%clk 00:51:08]} {[%emt 00:00:31]} f5 {[%clk 00:50:21]} {[%emt 00:00:29]} 29.
Bf3 {[%clk 00:51:03]} {[%emt 00:00:19]} Kf6 {[%clk 00:50:01]} {[%emt 00:00:36]}
30. Kg2 {[%clk 00:48:42]} {[%emt 00:02:36]} Rd2 {[%clk 00:49:00]} {[%emt
00:01:15]} 31. Rd1 {[%clk 00:48:17]} {[%emt 00:00:41]} Rxd1 {[%clk 00:49:01]}
{[%emt 00:00:14]} 32. Bxd1 {[%clk 00:48:17]} {[%emt 00:00:15]} Bd6 {[%clk
00:48:49]} {[%emt 00:00:28]} 33. f4 {[%clk 00:47:56]} {[%emt 00:00:36]} e5
{[%clk 00:48:23]} {[%emt 00:00:40]} 34. fxe5+ {[%clk 00:48:01]} {[%emt
00:00:11]} Kxe5 {[%clk 00:48:10]} {[%emt 00:00:27]} 35. Kf3 {[%clk 00:47:42]}
{[%emt 00:00:33]} h6 {[%emt 00:01:18]} 36. Ke3 {[%clk 00:46:29]} {[%emt
00:00:36]} g5 {[%clk 00:47:40]} {[%emt 00:00:35]} 37. Kf3 {[%clk 00:46:01]}
{[%emt 00:00:37]} Bc5 {[%clk 00:47:06]} {[%emt 00:00:55]} 38. g4 {[%clk
00:45:21]} {[%emt 00:00:54]} f4 {[%clk 00:47:12]} {[%emt 00:00:09]} 39. Kg2
{[%clk 00:44:11]} {[%emt 00:01:23]} Ke4 {[%clk 00:47:07]} {[%emt 00:00:22]} 40.
Bf3+ {[%clk 00:42:52]} {[%emt 00:01:33]} Ke3 {[%clk 00:45:42]} {[%emt
00:01:41]} 41. Bd5 {[%clk 00:42:21]} {[%emt 00:00:44]} a5 {[%clk 00:45:22]}
{[%emt 00:00:37]} 42. Bc6 {[%clk 00:41:21]} {[%emt 00:01:16]} Bb4 {[%clk
00:44:43]} {[%emt 00:00:54]} 43. Bd5 {[%clk 00:41:12]} {[%emt 00:00:21]} Be1
{[%clk 00:42:55]} {[%emt 00:02:05]} 44. Bb7 {[%clk 00:40:46]} {[%emt 00:00:40]}
Bf2 {[%clk 00:42:55]} {[%emt 00:00:16]} 45. Bd5 {[%clk 00:40:46]} {[%emt
00:00:13]} Bg3 {[%clk 00:42:43]} {[%emt 00:00:29]} 46. Bc6 {[%clk 00:40:38]}
{[%emt 00:00:25]} Bh4 {[%clk 00:42:47]} {[%emt 00:00:08]} 47. Bd5 {[%clk
00:40:22]} {[%emt 00:00:31]} Kd4 {[%clk 00:42:50]} {[%emt 00:00:12]} 48. Bc6
{[%clk 00:39:43]} {[%emt 00:00:55]} Kc3 {[%clk 00:42:50]} {[%emt 00:00:14]} 49.
Bd5 {[%clk 00:39:44]} {[%emt 00:00:14]} Bg3 {[%clk 00:42:49]} {[%emt 00:00:17]}
50. Kf3 {[%clk 00:39:12]} {[%emt 00:00:43]} Kd3 {[%clk 00:42:53]} {[%emt
00:00:16]} 51. Be4+ {[%clk 00:39:07]} {[%emt 00:00:19]} Kd4 {[%clk 00:43:03]}
{[%emt 00:00:07]} 52. Bc2 {[%clk 00:38:18]} {[%emt 00:01:04]} Be1 {[%clk
00:43:01]} {[%emt 00:00:14]} 53. Bd1 {[%clk 00:38:14]} {[%emt 00:00:19]} Bd2
{[%clk 00:43:07]} {[%emt 00:00:09]} 54. Bc2 {[%clk 00:38:00]} {[%emt 00:00:30]}
Bc3 {[%clk 00:43:17]} {[%emt 00:00:06]} 55. Bd1 {[%clk 00:37:30]} {[%emt
00:00:39]} Bb4 {[%clk 00:43:28]} {[%emt 00:00:09]} 56. Bc2 {[%emt 00:01:11]}
1/2-1/2

[Event "DEM U8 2025"]
[Site "Willingen GER"]
[Date "2025.06.14"]
[Round "7"]
[White "Bektas, Luey"]
[Black "Lehner, Hendrik Elias"]
[Result "1-0"]
[Termination "normal"]
[Board "9"]
[WhiteElo "1053"]
[BlackElo "1245"]
[WhiteClock "00:43:54"]
[BlackClock "00:44:40"]
[PlyCount "53"]
[WhiteFideId "533024642"]
[BlackFideId "533035148"]
[EventCountry "GER"]
[EventRounds "7"]
[EventType "swiss"]
[EventDate "2025.06.10"]

1. e4 {[%clk 01:00:27]} {[%emt 00:00:02]} c5 {[%clk 01:00:20]} {[%emt
00:00:10]} 2. Nf3 {[%clk 01:00:35]} {[%emt 00:00:07]} Nc6 {[%clk 00:59:54]}
{[%emt 00:00:42]} 3. d4 {[%clk 01:00:26]} {[%emt 00:00:24]} cxd4 {[%clk
00:59:42]} {[%emt 00:00:26]} 4. Nxd4 {[%clk 01:00:29]} {[%emt 00:00:12]} g6
{[%clk 00:59:15]} {[%emt 00:00:43]} 5. Nf3 {[%clk 01:00:11]} {[%emt 00:00:31]}
Bg7 {[%clk 00:59:20]} {[%emt 00:00:11]} 6. Bd3 {[%clk 01:00:08]} {[%emt
00:00:18]} Nf6 {[%clk 00:58:27]} {[%emt 00:01:09]} 7. O-O {[%clk 00:59:07]}
{[%emt 00:01:16]} O-O {[%clk 00:57:52]} {[%emt 00:00:49]} 8. Nc3 {[%clk
00:58:49]} {[%emt 00:00:34]} d5 {[%clk 00:56:49]} {[%emt 00:01:17]} 9. e5
{[%clk 00:58:44]} {[%emt 00:00:20]} Ne8 {[%clk 00:56:56]} {[%emt 00:00:07]} 10.
Re1 {[%clk 00:57:58]} {[%emt 00:01:03]} Nc7 {[%clk 00:56:19]} {[%emt 00:00:50]}
11. Bd2 {[%clk 00:55:27]} {[%emt 00:02:47]} e6 {[%clk 00:55:28]} {[%emt
00:01:06]} 12. Qc1 {[%clk 00:54:33]} {[%emt 00:01:09]} Bh8 {[%clk 00:54:57]}
{[%emt 00:00:46]} 13. Bh6 {[%clk 00:53:50]} {[%emt 00:00:58]} Re8 {[%clk
00:55:04]} {[%emt 00:00:08]} 14. Qf4 {[%clk 00:53:19]} {[%emt 00:00:45]} b6
{[%clk 00:54:21]} {[%emt 00:00:58]} 15. Bg5 {[%clk 00:52:09]} {[%emt 00:01:26]}
Qd7 {[%clk 00:53:56]} {[%emt 00:00:40]} 16. Bf6 {[%clk 00:51:35]} {[%emt
00:00:50]} Bxf6 {[%clk 00:53:44]} {[%emt 00:00:27]} 17. exf6 {[%clk 00:50:53]}
{[%emt 00:00:56]} Rd8 {[%clk 00:53:51]} {[%emt 00:00:07]} 18. Qh6 {[%clk
00:50:43]} {[%emt 00:00:27]} Ne8 {[%clk 00:53:57]} {[%emt 00:00:08]} 19. Qh4
{[%clk 00:48:27]} {[%emt 00:02:31]} Bb7 {[%clk 00:50:29]} {[%emt 00:03:43]} 20.
Rad1 {[%clk 00:48:36]} {[%emt 00:00:07]} Rac8 {[%clk 00:49:03]} {[%emt
00:01:41]} 21. Bf5 {[%clk 00:44:45]} {[%emt 00:04:04]} exf5 {[%clk 00:47:22]}
{[%emt 00:01:57]} 22. Rxd5 {[%clk 00:44:38]} {[%emt 00:00:22]} Qxd5 {[%clk
00:46:36]} {[%emt 00:01:02]} 23. Rxe8+ {[%clk 00:43:45]} {[%emt 00:01:07]} Rxe8
{[%clk 00:46:27]} {[%emt 00:00:24]} 24. Qh6 {[%clk 00:43:48]} {[%emt 00:00:12]}
Re1+ {[%clk 00:44:45]} {[%emt 00:01:58]} 25. Nxe1 {[%clk 00:43:47]} {[%emt
00:00:15]} Qxg2+ {[%clk 00:44:43]} {[%emt 00:00:16]} 26. Nxg2 {[%clk 00:43:54]}
{[%emt 00:00:08]} Ne7 {[%clk 00:44:40]} {[%emt 00:00:17]} 27. Qg7# {[%emt
00:01:07]} 1-0

[Event "DEM U8 2025"]
[Site "Willingen GER"]
[Date "2025.06.14"]
[Round "7"]
[White "Weller, Markus"]
[Black "Prasad, Ayush"]
[Result "1/2-1/2"]
[Termination "normal"]
[Board "10"]
[WhiteElo "1239"]
[BlackElo "1067"]
[WhiteClock "00:22:14"]
[BlackClock "00:30:12"]
[PlyCount "112"]
[WhiteFideId "533033838"]
[EventCountry "GER"]
[EventRounds "7"]
[EventType "swiss"]
[EventDate "2025.06.10"]

1. Nf3 {[%clk 01:00:15]} {[%emt 00:00:14]} d5 {[%clk 01:00:00]} {[%emt
00:00:31]} 2. g3 {[%clk 01:00:14]} {[%emt 00:00:17]} g6 {[%clk 01:00:09]}
{[%emt 00:00:05]} 3. Bg2 {[%clk 01:00:15]} {[%emt 00:00:13]} Bg7 {[%clk
01:00:17]} {[%emt 00:00:08]} 4. O-O {[%clk 00:59:59]} {[%emt 00:00:30]} e5
{[%clk 01:00:10]} {[%emt 00:00:22]} 5. d3 {[%clk 00:59:50]} {[%emt 00:00:25]}
Nc6 {[%clk 01:00:04]} {[%emt 00:00:21]} 6. e4 {[%clk 00:59:56]} {[%emt
00:00:09]} dxe4 {[%clk 00:59:56]} {[%emt 00:00:23]} 7. dxe4 {[%clk 01:00:03]}
{[%emt 00:00:07]} Qxd1 {[%clk 01:00:06]} {[%emt 00:00:05]} 8. Rxd1 {[%clk
01:00:09]} {[%emt 00:00:09]} Bg4 {[%clk 01:00:13]} {[%emt 00:00:08]} 9. Nbd2
{[%clk 00:59:41]} {[%emt 00:00:43]} f5 {[%clk 00:57:57]} {[%emt 00:02:30]} 10.
exf5 {[%clk 00:58:47]} {[%emt 00:01:10]} gxf5 {[%clk 00:57:48]} {[%emt
00:00:24]} 11. Re1 {[%clk 00:58:51]} {[%emt 00:00:11]} O-O-O {[%clk 00:57:10]}
{[%emt 00:00:53]} 12. Ng5 {[%clk 00:58:24]} {[%emt 00:00:42]} Nh6 {[%clk
00:55:20]} {[%emt 00:02:06]} 13. Ne6 {[%clk 00:57:47]} {[%emt 00:00:52]} Rd7
{[%clk 00:52:32]} {[%emt 00:03:03]} 14. Nxg7 {[%emt 00:01:39]} Rxg7 {[%clk
00:51:55]} {[%emt 00:00:46]} 15. Nc4 {[%clk 00:53:58]} {[%emt 00:02:46]} Nf7
{[%clk 00:51:24]} {[%emt 00:00:45]} 16. b3 {[%clk 00:53:34]} {[%emt 00:00:40]}
Nd4 {[%clk 00:50:01]} {[%emt 00:01:38]} 17. Ne3 {[%clk 00:53:06]} {[%emt
00:00:43]} Bf3 {[%clk 00:49:20]} {[%emt 00:00:56]} 18. Nxf5 {[%clk 00:51:48]}
{[%emt 00:01:33]} Bxg2 {[%clk 00:48:17]} {[%emt 00:01:17]} 19. Nxd4 {[%clk
00:50:55]} {[%emt 00:01:07]} exd4 {[%clk 00:47:59]} {[%emt 00:00:35]} 20. Kxg2
{[%clk 00:50:58]} {[%emt 00:00:11]} Nd6 {[%clk 00:47:28]} {[%emt 00:00:47]} 21.
Bb2 {[%clk 00:50:02]} {[%emt 00:01:11]} Nf5 {[%clk 00:44:45]} {[%emt 00:02:58]}
22. Re5 {[%clk 00:48:51]} {[%emt 00:01:27]} Rf8 {[%clk 00:43:27]} {[%emt
00:01:32]} 23. Rae1 {[%clk 00:45:39]} {[%emt 00:03:28]} Rgg8 {[%clk 00:41:28]}
{[%emt 00:02:13]} 24. Kh3 {[%clk 00:42:47]} {[%emt 00:03:05]} b6 {[%clk
00:39:59]} {[%emt 00:01:45]} 25. Ba3 {[%clk 00:41:54]} {[%emt 00:01:06]} c5
{[%clk 00:39:58]} {[%emt 00:00:18]} 26. b4 {[%clk 00:41:54]} {[%emt 00:00:16]}
Ng7 {[%clk 00:38:19]} {[%emt 00:01:53]} 27. bxc5 {[%clk 00:41:03]} {[%emt
00:01:06]} Rxf2 {[%clk 00:38:14]} {[%emt 00:00:21]} 28. R1e2 {[%clk 00:39:12]}
{[%emt 00:02:05]} Rf1 {[%clk 00:37:27]} {[%emt 00:01:04]} 29. Bb2 {[%clk
00:38:09]} {[%emt 00:01:17]} Rd8 {[%clk 00:36:15]} {[%emt 00:01:26]} 30. cxb6
{[%clk 00:35:58]} {[%emt 00:02:28]} axb6 {[%clk 00:36:17]} {[%emt 00:00:13]}
31. Rd2 {[%clk 00:35:38]} {[%emt 00:00:35]} Nf5 {[%clk 00:31:59]} {[%emt
00:04:34]} 32. Kg2 {[%clk 00:33:32]} {[%emt 00:02:18]} Rb1 {[%clk 00:31:39]}
{[%emt 00:00:35]} 33. Rxf5 {[%clk 00:30:47]} {[%emt 00:03:02]} Rxb2 {[%clk
00:31:39]} {[%emt 00:00:14]} 34. a3 {[%emt 00:01:06]} d3 {[%clk 00:30:55]}
{[%emt 00:01:00]} 35. Rff2 {[%emt 00:00:45]} Rxc2 {[%clk 00:29:44]} {[%emt
00:01:14]} 36. Rxc2+ {[%clk 00:28:45]} {[%emt 00:01:06]} dxc2 {[%clk 00:29:52]}
{[%emt 00:00:07]} 37. Rxc2+ {[%clk 00:28:51]} {[%emt 00:00:11]} Kb7 {[%clk
00:30:03]} {[%emt 00:00:03]} 38. h4 {[%clk 00:28:13]} {[%emt 00:00:54]} Rd3
{[%clk 00:30:11]} {[%emt 00:00:07]} 39. Ra2 {[%clk 00:27:33]} {[%emt 00:00:53]}
Ka6 {[%clk 00:30:18]} {[%emt 00:00:08]} 40. g4 {[%clk 00:26:14]} {[%emt
00:01:33]} Ka5 {[%clk 00:30:29]} {[%emt 00:00:05]} 41. h5 {[%clk 00:26:15]}
{[%emt 00:00:15]} Ka4 {[%clk 00:30:41]} {[%emt 00:00:02]} 42. Rb2 {[%clk
00:25:54]} {[%emt 00:00:36]} b5 {[%clk 00:30:41]} {[%emt 00:00:16]} 43. g5
{[%clk 00:24:35]} {[%emt 00:01:35]} Rd5 {[%clk 00:30:47]} {[%emt 00:00:08]} 44.
Rb4+ {[%clk 00:22:47]} {[%emt 00:02:06]} Kxa3 {[%clk 00:30:48]} {[%emt
00:00:11]} 45. Rg4 {[%clk 00:22:27]} {[%emt 00:00:35]} b4 {[%clk 00:30:55]}
{[%emt 00:00:07]} 46. g6 {[%clk 00:22:20]} {[%emt 00:00:23]} hxg6 {[%clk
00:31:02]} {[%emt 00:00:08]} 47. hxg6 {[%clk 00:22:27]} {[%emt 00:00:08]} Rd8
{[%clk 00:30:36]} {[%emt 00:00:42]} 48. g7 {[%clk 00:22:19]} {[%emt 00:00:22]}
Rg8 {[%clk 00:30:41]} {[%emt 00:00:09]} 49. Kh3 {[%clk 00:22:06]} {[%emt
00:00:28]} b3 {[%clk 00:30:51]} {[%emt 00:00:07]} 50. Rg1 {[%clk 00:22:08]}
{[%emt 00:00:11]} b2 {[%clk 00:30:52]} {[%emt 00:00:15]} 51. Kh4 {[%clk
00:22:17]} {[%emt 00:00:05]} Kb3 {[%clk 00:30:15]} {[%emt 00:00:52]} 52. Kh5
{[%clk 00:22:10]} {[%emt 00:00:22]} Kc3 {[%clk 00:30:22]} {[%emt 00:00:07]} 53.
Kh6 {[%clk 00:22:18]} {[%emt 00:00:07]} Kc2 {[%clk 00:29:53]} {[%emt 00:00:45]}
54. Kh7 {[%clk 00:22:18]} {[%emt 00:00:14]} Rxg7+ {[%clk 00:29:56]} {[%emt
00:00:15]} 55. Kxg7 {[%clk 00:22:15]} {[%emt 00:00:16]} b1=Q {[%clk 00:30:05]}
{[%emt 00:00:07]} 56. Rxb1 {[%clk 00:22:14]} {[%emt 00:00:16]} Kxb1 {[%clk
00:30:12]} {[%emt 00:00:07]} 1/2-1/2

[Event "DEM U8 2025"]
[Site "Willingen GER"]
[Date "2025.06.14"]
[Round "7"]
[White "Pott, Philipp"]
[Black "Zhu, Elias"]
[Result "0-1"]
[Termination "normal"]
[Board "11"]
[WhiteElo "994"]
[BlackElo "1311"]
[WhiteClock "00:45:17"]
[BlackClock "00:27:15"]
[PlyCount "52"]
[WhiteFideId "533031975"]
[BlackFideId "34695311"]
[EventCountry "GER"]
[EventRounds "7"]
[EventType "swiss"]
[EventDate "2025.06.10"]

1. e4 {[%clk 01:00:28]} {[%emt 00:00:02]} e6 {[%clk 01:00:28]} {[%emt
00:00:03]} 2. d4 {[%clk 01:00:35]} {[%emt 00:00:08]} d5 {[%clk 01:00:40]}
{[%emt 00:00:03]} 3. Nc3 {[%clk 01:00:42]} {[%emt 00:00:08]} dxe4 {[%clk
01:00:50]} {[%emt 00:00:05]} 4. Nxe4 {[%clk 01:00:49]} {[%emt 00:00:07]} Bd7
{[%clk 01:01:00]} {[%emt 00:00:05]} 5. Nf3 {[%clk 01:00:53]} {[%emt 00:00:11]}
Bc6 {[%clk 01:01:11]} {[%emt 00:00:04]} 6. Bd3 {[%clk 01:01:00]} {[%emt
00:00:08]} Nd7 {[%clk 01:01:17]} {[%emt 00:00:09]} 7. Bf4 {[%clk 01:00:47]}
{[%emt 00:00:28]} Ngf6 {[%clk 01:01:26]} {[%emt 00:00:06]} 8. Nxf6+ {[%clk
01:00:50]} {[%emt 00:00:12]} Nxf6 {[%clk 01:01:34]} {[%emt 00:00:07]} 9. Be5
{[%clk 01:00:59]} {[%emt 00:00:06]} Be7 {[%clk 01:00:30]} {[%emt 00:01:19]} 10.
O-O {[%clk 01:00:52]} {[%emt 00:00:22]} Bd6 {[%clk 01:00:02]} {[%emt 00:00:43]}
11. Re1 {[%clk 00:56:36]} {[%emt 00:04:31]} Qe7 {[%clk 00:55:24]} {[%emt
00:04:52]} 12. c4 {[%clk 00:55:41]} {[%emt 00:01:11]} Bxe5 {[%clk 00:54:57]}
{[%emt 00:00:41]} 13. Nxe5 {[%clk 00:55:27]} {[%emt 00:00:30]} O-O {[%clk
00:52:14]} {[%emt 00:02:56]} 14. Nxc6 {[%clk 00:55:22]} {[%emt 00:00:22]} bxc6
{[%clk 00:52:18]} {[%emt 00:00:10]} 15. Qf3 {[%clk 00:55:25]} {[%emt 00:00:13]}
Qd7 {[%clk 00:51:07]} {[%emt 00:01:25]} 16. Rad1 {[%clk 00:54:55]} {[%emt
00:00:46]} Rab8 {[%clk 00:50:00]} {[%emt 00:01:19]} 17. b3 {[%clk 00:54:39]}
{[%emt 00:00:34]} Rb6 {[%clk 00:48:15]} {[%emt 00:01:58]} 18. Qh3 {[%clk
00:52:42]} {[%emt 00:02:14]} h6 {[%clk 00:46:54]} {[%emt 00:01:36]} 19. Re3
{[%clk 00:51:03]} {[%emt 00:01:54]} Kh8 {[%clk 00:43:22]} {[%emt 00:03:48]} 20.
Rf3 {[%clk 00:49:35]} {[%emt 00:01:42]} Qxd4 {[%emt 00:10:01]} 21. Bc2 Qb2
{[%clk 00:33:48]} {[%emt 00:00:51]} 22. Bb1 {[%clk 00:47:58]} {[%emt 00:01:20]}
Nh7 {[%clk 00:32:21]} {[%emt 00:01:40]} 23. Rf4 {[%clk 00:47:02]} {[%emt
00:01:13]} a5 {[%clk 00:29:14]} {[%emt 00:03:22]} 24. Qd3 {[%clk 00:47:06]}
{[%emt 00:00:12]} g6 {[%clk 00:27:14]} {[%emt 00:02:15]} 25. Qd4+ {[%clk
00:45:14]} {[%emt 00:02:05]} Qxd4 {[%clk 00:27:13]} {[%emt 00:00:16]} 26. Rdxd4
{[%clk 00:45:17]} {[%emt 00:00:13]} e5 {[%clk 00:27:15]} {[%emt 00:00:12]} 0-1